El orden y el bajo pueblo. Los regímenes de Portales y Rosas frente al mundo popular, 1829-1852

Sparad:
Bibliografiska uppgifter
Huvudupphovsmän: Pinto Vallejos, Julio (autor), Donoso Fritz, Karen (Författare, medförfattare), Pizarro Larrea, Roberto (Författare, medförfattare)
Övriga upphovsmän: Palma Alvarado, Daniel (autor)
Materialtyp: Bok
Språk:spanska
Publicerad: Santiago, Chile LOM Ediciones 2015
Serie:Colección Historia
Ämnen:
Länkar:Disponible Online - pp.61-104-pp.133-188
Taggar: Lägg till en tagg
Inga taggar, Lägg till första taggen!

MARC

LEADER 00000cam a2200000 a 4500
001 UCC7912
003 CL-VaPUC
005 20250328153209.0
008 190520e20150000cl |||||||||||||||||spa|d
999 |c 374425  |d 374423 
020 |a 9789560005830 
040 |c Pontificia Universidad Católica de Valparaíso 
082 0 4 |a 983.03 PIN 2015  |2 21 
100 |a Pinto Vallejos, Julio  |e autor  |9 486822 
245 1 3 |a El orden y el bajo pueblo.   |b Los regímenes de Portales y Rosas frente al mundo popular, 1829-1852 
260 |a Santiago, Chile  |b LOM Ediciones  |c 2015 
300 |a 200 páginas  
440 |a Colección Historia  |9 856680 
583 |a last modification  |c 20190520 16:29:00  |k Rodrigo Vera 
600 0 |a Portales y Palazuelos, Diego   |2 CL-VaPUC  |9 436961 
600 0 |a Rosas, Juan Manuel de   |2 CL-VaPUC  |9 438178 
651 0 |a Chile  |x Historia  |y Siglo 19  |9 856683 
700 |a Palma Alvarado, Daniel  |e autor  |9 602651 
700 0 |a Donoso Fritz, Karen  |e author  |9 602652 
700 0 |a Pizarro Larrea, Roberto  |e author  |9 602653 
852 |a BIBHIS 
856 |u https://bibliografiadigital.pucv.cl/index.php/bibliotecapucv/catalog/book/672  |y Disponible Online - pp.61-104-pp.133-188 
942 |c BK  |2 ddc 
945 |d 20190520 16:29:00  |a dcastane 
952 |0 0  |1 0  |3 erb  |4 0  |6 983_030000000000000_PIN_2015  |7 0  |8 A  |9 492949  |a BIBHIS  |b BIBHIS  |d 2019-05-08  |e 11  |g 8000.00  |i 5549272  |o 983.03 PIN 2015  |p 5549272  |r 2025-01-20  |v 8000.00  |w 2019-11-24  |y BK  |z Catalogado en:20190520  |k HIS